000 00944nam a22002537 4500
999 _c1311
_d1311
003 AR-BaISA
005 20230706112518.0
007 ta
008 230706s2017 ag |||| |||| 000 0 spa d
020 _a9789875384774
040 0 4 _bspa
_cAR-BaISA
082 0 4 _222
_a158.72 Es14
100 1 _92857
_aEscardó, Vita
_eaut.
245 1 0 _aCuidado de cuidadores:
_bsíndrome de burnout: dispositivos grupales y técnicas de intervención /
_cVita Escardó; prólogo de Eva Giberti
260 _aBuenos Aires:
_bNoveduc,
_c2017
300 _a182 p.
490 1 _aConjunciones
_v; 38
504 _aBibliografía p.: 179-182.
505 _tQué es el burnout --
_t¿Por qué cuidar a quienes cuidan? --
_tMetodología y técnicas de abordaje --
_tAportes para la construcción de un equipo de cuidado de cuidadores
650 1 0 _925
_aEstrés laboral
700 1 _92858
_aGiberti, Eva
_epro.
830 0 _91720
_aConjunciones
_v38
942 _2ddc
_cLI
_e22